<?xml version="1.0" encoding="UTF-8"?>
<collection xmlns="http://www.loc.gov/MARC21/slim">
 <record>
  <leader>03111cam a2200445ua 4500</leader>
  <controlfield tag="001">EEA.libagro009109</controlfield>
  <controlfield tag="005">20181108113420.0</controlfield>
  <controlfield tag="008">820707m19631970ag#a##########000#0#spa##</controlfield>
  <datafield tag="043" ind1=" " ind2=" ">
   <subfield code="a">s-ag---</subfield>
  </datafield>
  <datafield tag="082" ind1="0" ind2="4">
   <subfield code="a">581.98212</subfield>
  </datafield>
  <datafield tag="245" ind1="1" ind2="0">
   <subfield code="a">Flora de la Provincia de Buenos Aires /</subfield>
   <subfield code="c">Dirigida por Ángel L. Cabrera.</subfield>
  </datafield>
  <datafield tag="260" ind1=" " ind2=" ">
   <subfield code="a">Buenos Aires,</subfield>
   <subfield code="c">1963-1970 :</subfield>
   <subfield code="b">Secretaría de Estado de Agricultura y Ganadería de la Nación. Instituto Nacional de Tecnología Agropecuaria.</subfield>
  </datafield>
  <datafield tag="300" ind1=" " ind2=" ">
   <subfield code="a">6 v. :</subfield>
   <subfield code="b">il. ;</subfield>
   <subfield code="c">24 cm.</subfield>
  </datafield>
  <datafield tag="490" ind1="1" ind2=" ">
   <subfield code="a">Colección científica ;</subfield>
   <subfield code="v">Tomo IV, Parte 1ª, 2ª, 3ª, 4ª, 5ª, 6ª</subfield>
  </datafield>
  <datafield tag="500" ind1=" " ind2=" ">
   <subfield code="a">Contiene: Parte I: Pteridófitas, Gimnospermas y Monocotiledóneas (excepto Gramíneas)./Añón Suárez, Delia ... [et al.] -- 1968. -- 623 p.; Parte II: Gramíneas. -- 1970. -- 624 p.; Parte III: Piperáceas a Leguminosas. /Añón Suárez, Delia ... [et al.] -- 1967. -- 671 p.; Parte IV: Oxalidáceas a Umbelíferas. /Cabrera, Angel L. ... [et al.] -- 1965. -- 418 p.; Parte V: Ericáceas a Caliceráceas. /Añón Suárez, Delia ... [et al.] -- 1965. -- 434 p.; Parte VI: Compuestas. /Cabrera, Angel L. -- 1963. -- 443 p.</subfield>
  </datafield>
  <datafield tag="650" ind1=" " ind2="0">
   <subfield code="a">Flora</subfield>
   <subfield code="z">Buenos Aires (Argentina : Provincia)</subfield>
  </datafield>
  <datafield tag="700" ind1="1" ind2=" ">
   <subfield code="a">Cabrera, Angel L.</subfield>
   <subfield code="q">(Ángel Lulio),</subfield>
   <subfield code="d">1908-1999.</subfield>
  </datafield>
  <datafield tag="700" ind1="1" ind2=" ">
   <subfield code="a">Añón Suárez, Delia.</subfield>
  </datafield>
  <datafield tag="710" ind1="2" ind2=" ">
   <subfield code="a">Instituto Nacional de Tecnología Agropecuaria (Argentina)</subfield>
  </datafield>
  <datafield tag="830" ind1=" " ind2="0">
   <subfield code="a">Colección científica del INTA ;</subfield>
   <subfield code="v">t. 4</subfield>
  </datafield>
  <datafield tag="859" ind1=" " ind2=" ">
   <subfield code="a">AR-BbBCA</subfield>
   <subfield code="b">BIB. AGRONOMIA</subfield>
   <subfield code="h">581.98212</subfield>
   <subfield code="i">C117</subfield>
   <subfield code="p">1992/1859</subfield>
   <subfield code="v">1</subfield>
   <subfield code="3">Parte I</subfield>
  </datafield>
  <datafield tag="859" ind1=" " ind2=" ">
   <subfield code="a">AR-BbBCA</subfield>
   <subfield code="b">BIB. AGRONOMIA</subfield>
   <subfield code="h">581.98212</subfield>
   <subfield code="i">C117</subfield>
   <subfield code="p">2002/4346</subfield>
   <subfield code="t">Ej.2</subfield>
   <subfield code="v">1</subfield>
   <subfield code="3">Parte I</subfield>
  </datafield>
  <datafield tag="859" ind1=" " ind2=" ">
   <subfield code="a">AR-BbBCA</subfield>
   <subfield code="b">BIB. AGRONOMIA</subfield>
   <subfield code="h">581.98212</subfield>
   <subfield code="i">C117</subfield>
   <subfield code="p">2012/6143</subfield>
   <subfield code="t">Ej.3</subfield>
   <subfield code="v">1</subfield>
   <subfield code="3">Parte I</subfield>
  </datafield>
  <datafield tag="859" ind1=" " ind2=" ">
   <subfield code="a">AR-BbBCA</subfield>
   <subfield code="b">BIB. AGRONOMIA</subfield>
   <subfield code="h">581.98212</subfield>
   <subfield code="i">C117</subfield>
   <subfield code="p">2002/4347</subfield>
   <subfield code="v">2</subfield>
   <subfield code="3">Parte II</subfield>
  </datafield>
  <datafield tag="859" ind1=" " ind2=" ">
   <subfield code="a">AR-BbBCA</subfield>
   <subfield code="b">BIB. AGRONOMIA</subfield>
   <subfield code="h">581.98212</subfield>
   <subfield code="i">C117</subfield>
   <subfield code="p">1992/1860</subfield>
   <subfield code="v">3</subfield>
   <subfield code="3">Parte III</subfield>
  </datafield>
  <datafield tag="859" ind1=" " ind2=" ">
   <subfield code="a">AR-BbBCA</subfield>
   <subfield code="b">BIB. AGRONOMIA</subfield>
   <subfield code="h">581.98212</subfield>
   <subfield code="i">C117</subfield>
   <subfield code="p">2002/4348</subfield>
   <subfield code="t">Ej.2</subfield>
   <subfield code="v">3</subfield>
   <subfield code="3">Parte III</subfield>
  </datafield>
  <datafield tag="859" ind1=" " ind2=" ">
   <subfield code="a">AR-BbBCA</subfield>
   <subfield code="b">BIB. AGRONOMIA</subfield>
   <subfield code="h">581.98212</subfield>
   <subfield code="i">C117</subfield>
   <subfield code="p">2008/5464</subfield>
   <subfield code="t">Ej.3</subfield>
   <subfield code="v">3</subfield>
   <subfield code="3">Parte III</subfield>
  </datafield>
  <datafield tag="859" ind1=" " ind2=" ">
   <subfield code="a">AR-BbBCA</subfield>
   <subfield code="b">BIB. AGRONOMIA</subfield>
   <subfield code="h">581.98212</subfield>
   <subfield code="i">C117</subfield>
   <subfield code="p">2012/6144</subfield>
   <subfield code="t">Ej.4</subfield>
   <subfield code="v">3</subfield>
   <subfield code="3">Parte III</subfield>
  </datafield>
  <datafield tag="859" ind1=" " ind2=" ">
   <subfield code="a">AR-BbBCA</subfield>
   <subfield code="b">BIB. AGRONOMIA</subfield>
   <subfield code="h">581.98212</subfield>
   <subfield code="i">C117</subfield>
   <subfield code="p">1992/1861</subfield>
   <subfield code="v">4</subfield>
   <subfield code="3">Parte IV</subfield>
  </datafield>
  <datafield tag="859" ind1=" " ind2=" ">
   <subfield code="a">AR-BbBCA</subfield>
   <subfield code="b">BIB. AGRONOMIA</subfield>
   <subfield code="h">581.98212</subfield>
   <subfield code="i">C117</subfield>
   <subfield code="p">2002/4349</subfield>
   <subfield code="t">Ej.2</subfield>
   <subfield code="v">4</subfield>
   <subfield code="3">Parte IV</subfield>
  </datafield>
  <datafield tag="859" ind1=" " ind2=" ">
   <subfield code="a">AR-BbBCA</subfield>
   <subfield code="b">BIB. AGRONOMIA</subfield>
   <subfield code="h">581.98212</subfield>
   <subfield code="i">C117</subfield>
   <subfield code="p">2008/5460</subfield>
   <subfield code="t">Ej.3</subfield>
   <subfield code="v">4</subfield>
   <subfield code="3">Parte IV</subfield>
  </datafield>
  <datafield tag="859" ind1=" " ind2=" ">
   <subfield code="a">AR-BbBCA</subfield>
   <subfield code="b">BIB. AGRONOMIA</subfield>
   <subfield code="h">581.98212</subfield>
   <subfield code="i">C117</subfield>
   <subfield code="p">2008/5461</subfield>
   <subfield code="t">Ej.4</subfield>
   <subfield code="v">4</subfield>
   <subfield code="3">Parte IV</subfield>
  </datafield>
  <datafield tag="859" ind1=" " ind2=" ">
   <subfield code="a">AR-BbBCA</subfield>
   <subfield code="b">BIB. AGRONOMIA</subfield>
   <subfield code="h">581.98212</subfield>
   <subfield code="i">C117</subfield>
   <subfield code="p">2012/6145</subfield>
   <subfield code="t">Ej.5</subfield>
   <subfield code="v">4</subfield>
   <subfield code="3">Parte IV</subfield>
  </datafield>
  <datafield tag="859" ind1=" " ind2=" ">
   <subfield code="a">AR-BbBCA</subfield>
   <subfield code="b">BIB. AGRONOMIA</subfield>
   <subfield code="h">581.98212</subfield>
   <subfield code="i">C117</subfield>
   <subfield code="p">1992/1862</subfield>
   <subfield code="v">5</subfield>
   <subfield code="3">Parte V</subfield>
  </datafield>
  <datafield tag="859" ind1=" " ind2=" ">
   <subfield code="a">AR-BbBCA</subfield>
   <subfield code="b">BIB. AGRONOMIA</subfield>
   <subfield code="h">581.98212</subfield>
   <subfield code="i">C117</subfield>
   <subfield code="p">2002/4350</subfield>
   <subfield code="t">Ej.2</subfield>
   <subfield code="v">5</subfield>
   <subfield code="3">Parte V</subfield>
  </datafield>
  <datafield tag="859" ind1=" " ind2=" ">
   <subfield code="a">AR-BbBCA</subfield>
   <subfield code="b">BIB. AGRONOMIA</subfield>
   <subfield code="h">581.98212</subfield>
   <subfield code="i">C117</subfield>
   <subfield code="p">2008/5462</subfield>
   <subfield code="t">Ej.3</subfield>
   <subfield code="v">5</subfield>
   <subfield code="3">Parte V</subfield>
  </datafield>
  <datafield tag="859" ind1=" " ind2=" ">
   <subfield code="a">AR-BbBCA</subfield>
   <subfield code="b">BIB. AGRONOMIA</subfield>
   <subfield code="h">581.98212</subfield>
   <subfield code="i">C117</subfield>
   <subfield code="p">2008/5463</subfield>
   <subfield code="t">Ej.4</subfield>
   <subfield code="v">5</subfield>
   <subfield code="3">Parte V</subfield>
  </datafield>
  <datafield tag="859" ind1=" " ind2=" ">
   <subfield code="a">AR-BbBCA</subfield>
   <subfield code="b">BIB. AGRONOMIA</subfield>
   <subfield code="h">581.98212</subfield>
   <subfield code="i">C117</subfield>
   <subfield code="p">2012/6146</subfield>
   <subfield code="t">Ej.5</subfield>
   <subfield code="v">5</subfield>
   <subfield code="3">Parte V</subfield>
  </datafield>
  <datafield tag="859" ind1=" " ind2=" ">
   <subfield code="a">AR-BbBCA</subfield>
   <subfield code="b">BIB. AGRONOMIA</subfield>
   <subfield code="h">581.98212</subfield>
   <subfield code="i">C117</subfield>
   <subfield code="p">2002/4351</subfield>
   <subfield code="v">6</subfield>
   <subfield code="3">Parte VI</subfield>
  </datafield>
  <datafield tag="859" ind1=" " ind2=" ">
   <subfield code="a">AR-BbBCA</subfield>
   <subfield code="b">BIB. AGRONOMIA</subfield>
   <subfield code="h">581.98212</subfield>
   <subfield code="i">C117</subfield>
   <subfield code="p">2008/5465</subfield>
   <subfield code="t">Ej.2</subfield>
   <subfield code="v">6</subfield>
   <subfield code="3">Parte VI</subfield>
  </datafield>
 </record>
</collection>
